| 000 | 00417nam a2200145Ia 4500 | ||
|---|---|---|---|
| 008 | 230917s9999||||xx |||||||||||||| ||und|| | ||
| 040 |
_e153416 _aMAIN |
||
| 041 | _aEnglish | ||
| 082 | _a891.2109 S23S | ||
| 100 | _aSharma, Ram Dutt | ||
| 245 | 0 | _aSanskrit kavyon mein pashu-paskhi: Kalidasa evm Kalidadittar kavya mein pashu-pakshi | |
| 260 |
_aJaipur _bDevnagar Prakashan _c1971 |
||
| 300 | _av. p. | ||
| 942 | _cBK | ||
| 999 |
_c101205 _d101205 |
||